000 00696nam a22002057a 4500
999 _c61463
_d61463
005 20240315164114.0
008 240315s1997 ru ||||| |||| 00| 0 rus d
020 _a5738000501
041 _arus
080 _a2(038) Э-46
100 _aЭлиаде, Мирча
_921441
245 _a Словарь религий, обрядов и верований /
_cМирча Элиаде, Ион Кулиано.
264 _aМосква :
_c1997.
300 _a 381 с. ;
_b21 см.
653 _aრელიგია
653 _aრიტუალები
653 _aრწმენა
700 _aКулиано, Ион
_eავტორი
_921442
942 _2udc
_cᲬᲘᲒᲜᲘ